Распределение легирующих элементов в γ- и γ′-фазах жаропрочного сплава PWA 1480; Инновационные технологии и экономика в машиностроении

Bibliografiske detaljer
Parent link:Инновационные технологии и экономика в машиностроении.— 2013.— [С. 210-213]
Hovedforfatter: Лычагин Д. В. Дмитрий Васильевич
Institution som forfatter: Национальный исследовательский Томский политехнический университет (ТПУ) Юргинский технологический институт (филиал) (ЮТИ) Кафедра технологии машиностроения (ТМС)
Andre forfattere: Герштейн Г.
Summary:Заглавие с титульного листа.
Sprog:russisk
Udgivet: 2013
Serier:Инновационные технологии получения и обработки материалов в машиностроении
Fag:
Online adgang:http://www.lib.tpu.ru/fulltext/c/2013/C30/055.pdf
Format: MixedMaterials Electronisk Book Chapter
KOHA link:https://koha.lib.tpu.ru/cgi-bin/koha/opac-detail.pl?biblionumber=605908

MARC

LEADER 00000naa2a2200000 4500
001 605908
005 20231101132357.0
035 |a (RuTPU)RU\TPU\conf\3270 
035 |a RU\TPU\conf\3267 
090 |a 605908 
100 |a 20140507d2013 k y0rusy50 ca 
101 0 |a rus 
102 |a RU 
105 |a a z 100zy 
135 |a drcn ---uucaa 
181 0 |a i  
182 0 |a b 
200 1 |a Распределение легирующих элементов в γ- и γ′-фазах жаропрочного сплава PWA 1480  |f Д. В. Лычагин, Г. Герштейн 
203 |a Текст  |c электронный 
215 |a 1 файл (595 Кб) 
225 1 |a Инновационные технологии получения и обработки материалов в машиностроении 
230 |a Электронные текстовые данные (1 файл : 595 Кб) 
300 |a Заглавие с титульного листа. 
320 |a [Библиогр.: с. 213 (10 назв.)] 
337 |a Adobe Reader 
463 1 |0 (RuTPU)RU\TPU\conf\2692  |t Инновационные технологии и экономика в машиностроении  |o сборник трудов IV Международной научно-практической конференции с элементами научной школы для молодых ученых, 23-25 мая 2013 г., Юрга  |f Национальный исследовательский Томский политехнический университет (ТПУ), Юргинский технологический институт (ЮТИ) ; под ред. Д. А. Чинахова  |v [С. 210-213]  |d 2013 
610 1 |a труды учёных ТПУ 
610 1 |a электронный ресурс 
610 1 |a легирующие элементы 
610 1 |a γ-фазы 
610 1 |a жаропрочные сплавы 
610 1 |a газотурбинные двигатели 
610 1 |a никелевые сплавы 
700 1 |a Лычагин  |b Д. В.  |c специалист в области машиностроения  |c профессор Юргинского технологического института (филиал) Томского политехнического университета, доктор физико-математических наук  |f 1957-  |g Дмитрий Васильевич  |2 stltpush  |3 (RuTPU)RU\TPU\pers\30564 
701 1 |a Герштейн  |b Г. 
712 0 2 |a Национальный исследовательский Томский политехнический университет (ТПУ)  |b Юргинский технологический институт (филиал) (ЮТИ)  |b Кафедра технологии машиностроения (ТМС)  |h 356  |2 stltpush  |3 (RuTPU)RU\TPU\col\18902 
801 2 |a RU  |b 63413507  |c 20140507  |g RCR 
856 4 |u http://www.lib.tpu.ru/fulltext/c/2013/C30/055.pdf 
942 |c BK